000 00303nam a2200121Ia 4500
008 150201s2000 xx 000 0 und d
082 _a616.01
_bS00S
100 _aSMITH,M.B.JOHN
245 _aTHE SURGEONS GUIDE TO ANTIMICROBIAL
260 _bARNOLD
_aLONDON
_c2000
650 _aSURGERY
942 _2ddc
_cBK
999 _c1210
_d1210